[Event "Challenge"]
[Site "http://www.queenalice.com/game.php?id=533001"]
[Date "2009.2.1"]
[Round "-"]
[White "dedalu"]
[Black "ZUMBI"]
[Result "1-0"]
[WhiteElo "1954"]
[BlackElo "1842"]

1. d4 d5 2. c4 Nf6 3. Nc3 Nc6 4. cxd5 Nxd5 5. e4 Ndb4 6. a3 Na6 7. Be3 e5 8. d5
Na5 9. b4 c5 10. bxa5 Qxa5 11. Qa4+ Qxa4 12. Nxa4 b5 13. Bxb5+ Kd8 14. Bxa6 Bxa6
15. Nxc5 Bc8 16. Nf3 Bg4 17. Nxe5 Bh5 18. O-O Rc8 19. Nc6+ Ke8 20. Rab1 Be2 21.
Rfc1 Bd6 22. Nxa7 Ra8 23. Nb5 Be7 24. Nc7+ Kf8 25. Nd7+ Kg8 26. Nxa8 g5 27. Rb8+
Kg7 28. Rxh8 Kxh8 29. Bd4+ f6 30. Bxf6+ Bxf6 31. Nxf6 Kg7 32. e5 Kg6 33. Nxh7
Kxh7 34. Rc6 g4 35. Rf6 Bc4 36. Nb6 Ba2 37. d6 g3 38. d7 gxf2+ 39. Kxf2 1-0

[Event "Challenge"]
[Site "http://www.queenalice.com/game.php?id=546873"]
[Date "2009.2.26"]
[Round "-"]
[White "blikinn"]
[Black "dedalu"]
[Result "1-0"]
[WhiteElo "2017"]
[BlackElo "1974"]

1. d4 Nf6 2. Nf3 e6 3. Bg5 c5 4. Nc3 cxd4 5. Qxd4 Be7 6. e3 Nc6 7. Qa4 d6 8. Bb5
Bd7 9. Rd1 O-O 10. O-O a6 11. Bd3 Ne5 12. Qf4 Nxd3 13. Rxd3 Nh5 14. Qh4 f6 15.
Qxh5 fxg5 16. Ne4 Rxf3 17. Qxf3 Bb5 18. Qg4 Bxd3 19. Qxe6+ Kh8 20. cxd3 Rc8 21.
Nc3 1-0

[Event "Challenge"]
[Site "http://www.queenalice.com/game.php?id=546875"]
[Date "2009.2.26"]
[Round "-"]
[White "dedalu"]
[Black "blikinn"]
[Result "1-0"]
[WhiteElo "1951"]
[BlackElo "2031"]

1. e4 e5 2. Nc3 Nf6 3. g3 Bb4 4. Bg2 O-O 5. Nge2 d6 6. h3 Nc6 7. O-O Be6 8. Nd5
Bxd5 9. exd5 Ne7 10. c3 Bc5 11. d4 exd4 12. cxd4 Bb6 13. Bg5 Ng6 14. Kh2 h6 15.
Be3 Re8 16. Qd3 Qd7 17. Rfe1 Re7 18. Nc3 Rae8 19. f4 Nh5 20. f5 Nf8 21. Re2 Nf6
22. g4 N8h7 23. Rae1 Ng5 24. Kg1 Nge4 25. Nxe4 Nxe4 26. Bxh6 1-0

[Event "Challenge"]
[Site "http://www.queenalice.com/game.php?id=560207"]
[Date "2009.3.23"]
[Round "-"]
[White "dedalu"]
[Black "roda"]
[Result "1-0"]
[WhiteElo "1981"]
[BlackElo "1997"]

1. d4 d5 2. c4 Nf6 3. Nf3 c6 4. e3 dxc4 5. Bxc4 e6 6. O-O Bd6 7. Nc3 b5 8. Bd3
b4 9. Ne2 Qb6 10. e4 Be7 11. Be3 Nbd7 12. Rc1 Qb7 13. Qd2 a5 14. Rfe1 h6 15. Bf4
c5 16. Ne5 g5 17. Nxd7 Nxd7 18. Be3 Qb6 19. dxc5 Nxc5 20. Qc2 O-O 21. Bxc5 Bxc5
22. Qxc5 Qxc5 23. Rxc5 Rd8 24. Bb1 Rd2 25. Rc2 Rxc2 26. Bxc2 e5 27. Ng3 Be6 28.
Nf5 Bxa2 29. Nxh6+ Kg7 30. Nf5+ Kf6 31. b3 Rc8 32. Rd1 Rc6 33. Ne3 Ke6 34. Ra1
Rxc2 35. Nxc2 Bxb3 36. Nxb4 axb4 37. Rb1 Bc2 38. Rxb4 Kd6 39. f3 Bd3 40. Kf2 Kc5
41. Rb8 Kd4 42. Rd8+ Kc3 43. Ke3 Bc4 44. g3 Bb5 45. h4 gxh4 46. gxh4 Bc4 47. h5
1-0

[Event "Challenge"]
[Site "http://www.queenalice.com/game.php?id=567625"]
[Date "2009.4.6"]
[Round "-"]
[White "garca"]
[Black "dedalu"]
[Result "0-1"]
[WhiteElo "1958"]
[BlackElo "2005"]

1. e4 c5 2. Nc3 e6 3. d3 d5 4. exd5 exd5 5. h3 d4 6. Ne4 Nf6 7. Bg5 Be7 8. Qf3
Nxe4 9. Bxe7 Qa5+ 10. c3 Nxc3 11. Bg5 Ne4+ 0-1

[Event "Challenge"]
[Site "http://www.queenalice.com/game.php?id=569924"]
[Date "2009.4.10"]
[Round "-"]
[White "dedalu"]
[Black "PROFILER"]
[Result "1/2-1/2"]
[WhiteElo "2088"]
[BlackElo "2067"]

1. d4 Nf6 2. Nf3 g6 3. c4 Bg7 4. Nc3 d6 5. g3 O-O 6. Bg2 Nbd7 7. O-O e5 8. h3
exd4 9. Nxd4 Re8 10. Bg5 h6 11. Bd2 a5 12. e4 Nc5 13. Re1 Nfxe4 14. Nxe4 Nxe4
15. Rxe4 Rxe4 16. Bxe4 Bxd4 17. Qf3 Qf6 18. Re1 Qxf3 19. Bxf3 Bxh3 20. Re7 Bb6
21. Bxb7 Rf8 22. Bxh6 Be6 23. Bd5 Bxd5 24. cxd5 Rc8 25. Be3 Kf8 1/2-1/2

[Event "Challenge"]
[Site "http://www.queenalice.com/game.php?id=571960"]
[Date "2009.4.14"]
[Round "-"]
[White "micha"]
[Black "dedalu"]
[Result "0-1"]
[WhiteElo "2012"]
[BlackElo "2025"]

1. b3 e5 2. Bb2 Nc6 3. e4 Nf6 4. Qf3 d5 5. exd5 Qxd5 6. Qxd5 Nxd5 7. a3 Bf5 8.
d3 Nd4 9. Bxd4 exd4 10. Nf3 O-O-O 11. Nxd4 Bg6 12. Nf3 Be7 13. c3 Bf6 14. d4
Bxb1 15. Rxb1 Nxc3 16. Rc1 Rhe8+ 17. Kd2 Ne4+ 18. Ke3 Ng3+ 19. Kf4 Nxh1 0-1

[Event "Challenge"]
[Site "http://www.queenalice.com/game.php?id=571961"]
[Date "2009.4.14"]
[Round "-"]
[White "dedalu"]
[Black "micha"]
[Result "1-0"]
[WhiteElo "2055"]
[BlackElo "2058"]

1. e4 e5 2. Nc3 Bc5 3. Nf3 d6 4. Na4 Bb6 5. Nxb6 axb6 6. d4 f6 7. Bc4 Ne7 8.
dxe5 dxe5 9. Qxd8+ Kxd8 10. b4 Ra4 11. a3 c6 12. Bb3 Ra8 13. O-O b5 14. Be3 Ke8
15. Nd2 Na6 16. Rfd1 Nc7 17. c4 bxc4 18. Nxc4 Nb5 19. Rd3 Bg4 20. f3 Bh5 21. a4
Bf7 22. Rad1 Bxc4 23. Bxc4 Nc7 24. Kf2 b5 25. axb5 Nxb5 26. Bb6 Nd4 27. Bxd4
exd4 28. Rxd4 c5 29. bxc5 Ng6 30. c6 Ne5 31. c7 Nf7 32. Bxf7+ Kxf7 33. Rd8 Ke7
34. R1d7+ Ke6 35. Rxh8 1-0

[Event "Challenge"]
[Site "http://www.queenalice.com/game.php?id=578286"]
[Date "2009.4.26"]
[Round "-"]
[White "dedalu"]
[Black "garca"]
[Result "1-0"]
[WhiteElo "2045"]
[BlackElo "1839"]

1. d4 d5 2. c4 dxc4 3. Nc3 e6 4. e4 Be7 5. Bxc4 Nf6 6. Nf3 h6 7. O-O O-O 8. e5
Nh7 9. Qd3 a6 10. Bb3 g6 11. Bxh6 Re8 12. Ne2 c5 13. Nf4 cxd4 14. Nxg6 Bf8 15.
Ng5 Nxg5 16. Nxf8 Rxf8 17. h4 Nh7 18. Qg3+ Ng5 19. Bxg5 1-0

[Event "Challenge"]
[Site "http://www.queenalice.com/game.php?id=587248"]
[Date "2009.5.12"]
[Round "-"]
[White "garca"]
[Black "dedalu"]
[Result "0-1"]
[WhiteElo "1897"]
[BlackElo "2074"]

1. e4 e5 2. Nf3 Nf6 3. d3 Nc6 4. Nc3 Bb4 5. Bd2 d5 6. exd5 Nxd5 7. Nxd5 Bxd2+ 8.
Qxd2 Qxd5 9. h3 Bd7 10. Be2 O-O-O 11. O-O f5 12. a3 Qd6 13. b4 g5 14. Nxg5 Rhg8
15. g3 Qg6 16. Nf3 f4 17. g4 Bxg4 18. Kh2 Qh6 19. Ng1 Nd4 20. Bxg4+ Rxg4 21. Qd1
f3 22. Nxf3 Qf4+ 23. Kh1 Nxf3 0-1

[Event "Challenge"]
[Site "http://www.queenalice.com/game.php?id=591450"]
[Date "2009.5.20"]
[Round "-"]
[White "dedalu"]
[Black "garca"]
[Result "1-0"]
[WhiteElo "2084"]
[BlackElo "1773"]

1. e4 e5 2. Nc3 d6 3. f4 exf4 4. Nf3 Ne7 5. Bc4 Be6 6. Bxe6 fxe6 7. O-O e5 8. d4
Nbc6 9. d5 Nb8 10. Ng5 Ng6 11. Ne6 Qe7 12. Nb5 Na6 13. c4 Qd7 14. b4 c6 15. Nxf8
Rxf8 16. dxc6 Qxc6 17. Nxd6+ Ke7 18. Nf5+ Kf7 19. Ba3 Nc7 20. b5 1-0

[Event "AUTO-MASTER-895"]
[Site "http://www.queenalice.com/game.php?id=646230"]
[Date "2009.9.2"]
[Round "1"]
[White "FeralPawn"]
[Black "dedalu"]
[Result "0-1"]
[WhiteElo "2020"]
[BlackElo "2072"]

1. e4 c5 2. b4 cxb4 3. a3 d5 4. exd5 Qxd5 5. Nf3 e5 6. axb4 Bxb4 7. c3 Bc5 8. d4
exd4 9. cxd4 Bb6 10. Na3 Nf6 11. Nc4 Bc7 12. Ba3 b5 13. Ne3 Ba5+ 14. Nd2 Qxd4
15. Bxb5+ Bd7 16. Bxd7+ Nbxd7 17. Ra2 Ne4 18. Bc1 Bxd2+ 19. Bxd2 Qd3 20. Qa1 O-O
21. Rxa7 Qxd2+ 0-1

[Event "AUTO-MASTER-895"]
[Site "http://www.queenalice.com/game.php?id=646231"]
[Date "2009.9.2"]
[Round "1"]
[White "dedalu"]
[Black "FeralPawn"]
[Result "1-0"]
[WhiteElo "2086"]
[BlackElo "1978"]

1. e4 g5 2. d4 Bg7 3. Nc3 c5 4. dxc5 Nc6 5. Bxg5 Qa5 6. Qd2 Qxc5 7. Nge2 Nf6 8.
O-O-O d6 9. f3 Be6 10. Be3 Qa5 11. Kb1 Nd7 12. Nd4 Nxd4 13. Bxd4 Rg8 14. Nd5
Qxd2 15. Rxd2 Bxd5 16. exd5 Bh6 17. Rd1 a6 18. g3 b5 19. Bd3 Rg5 20. Bxh7 e5 21.
dxe6 fxe6 22. Rhe1 Ke7 23. g4 Nf8 24. Be4 1-0

[Event "AUTO-MASTER-895"]
[Site "http://www.queenalice.com/game.php?id=646246"]
[Date "2009.9.2"]
[Round "1"]
[White "dedalu"]
[Black "thewhitebishop"]
[Result "1-0"]
[WhiteElo "2103"]
[BlackElo "2138"]

1. d4 Nf6 2. Nf3 g6 3. c4 d6 4. Nc3 Bg7 5. e4 O-O 6. Be2 c5 7. O-O Nc6 8. d5 Ne5
9. Nxe5 dxe5 10. Be3 b6 11. a3 a5 12. Rb1 Nd7 13. b4 axb4 14. axb4 Qc7 15. Nb5
Qb8 16. Qc2 cxb4 17. Rxb4 Nc5 18. Rfb1 Nxe4 19. Qxe4 Bf5 20. Qf3 Bxb1 21. Rxb1
f5 22. Bf1 e4 23. Qd1 Be5 24. g3 f4 25. gxf4 Bxf4 26. d6 e6 27. Nc7 Bxe3 28.
fxe3 Ra2 29. Nxe6 Rff2 30. Qd4 Kf7 31. Rxb6 Rxf1+ 32. Kxf1 Ra1+ 33. Kg2 Ra2+ 34.
Kh3 1-0

[Event "AUTO-MASTER-895"]
[Site "http://www.queenalice.com/game.php?id=646247"]
[Date "2009.9.2"]
[Round "1"]
[White "thewhitebishop"]
[Black "dedalu"]
[Result "1-0"]
[WhiteElo "2093"]
[BlackElo "2087"]

1. d4 d5 2. c4 c6 3. Nc3 e6 4. e3 Nf6 5. Nf3 a6 6. a3 Nbd7 7. c5 g6 8. b4 Bg7 9.
Bd3 O-O 10. O-O e5 11. Nxe5 Nxe5 12. dxe5 Ng4 13. f4 a5 14. Rb1 axb4 15. axb4
Qh4 16. h3 Nxe5 17. fxe5 Bxh3 18. Qe1 Qg5 19. Qf2 Bxe5 20. e4 Qg4 21. Be2 Qxg2+
22. Qxg2 Bxg2 23. Kxg2 Bxc3 24. exd5 1-0

[Event "AUTO-MASTER-895"]
[Site "http://www.queenalice.com/game.php?id=646248"]
[Date "2009.9.2"]
[Round "1"]
[White "dedalu"]
[Black "Gamingo"]
[Result "1-0"]
[WhiteElo "2098"]
[BlackElo "1844"]

1. e4 e5 2. Nf3 Nc6 3. d4 exd4 4. Nxd4 Bc5 5. Be3 Qf6 6. c3 Nge7 7. Bc4 d6 8.
O-O O-O 9. f4 Nxd4 10. cxd4 Bb6 11. Nc3 Qg6 12. Rf2 h6 13. f5 Qh7 14. f6 Ng6 15.
fxg7 Qxg7 16. Nd5 Kh8 17. Qd2 Nh4 18. Bxh6 Nf3+ 19. Rxf3 Bxd4+ 20. Kh1 1-0

[Event "AUTO-MASTER-895"]
[Site "http://www.queenalice.com/game.php?id=646249"]
[Date "2009.9.2"]
[Round "1"]
[White "Gamingo"]
[Black "dedalu"]
[Result "0-1"]
[WhiteElo "1812"]
[BlackElo "2116"]

1. e4 c5 2. Nf3 d6 3. d4 cxd4 4. Nxd4 Nf6 5. Nc3 a6 6. Bg5 e6 7. Be2 Be7 8. O-O
O-O 9. Nf3 Nbd7 10. Re1 Qc7 11. Bd3 b5 12. Qd2 Bb7 13. a3 Rac8 14. Rac1 Nc5 15.
Bxf6 Bxf6 16. Re3 g6 17. Rce1 Bg7 18. e5 Bh6 19. exd6 Qxd6 20. Qe2 Bxe3 21. Qxe3
Nxd3 22. cxd3 Rfd8 23. Rd1 b4 24. Ne4 Bxe4 25. Qxe4 bxa3 26. bxa3 Qxa3 0-1

[Event "Desafio #01"]
[Site "http://www.queenalice.com/game.php?id=664985"]
[Date "2009.10.9"]
[Round "-"]
[White "Aylton"]
[Black "dedalu"]
[Result "0-1"]
[WhiteElo "2110"]
[BlackElo "2119"]

1. d4 d5 2. Nf3 c5 3. e3 Nf6 4. h3 e6 5. c4 Nc6 6. Nc3 Be7 7. a3 O-O 8. dxc5
Bxc5 9. b4 d4 10. exd4 Bxd4 11. Nxd4 Qxd4 12. Qxd4 Nxd4 13. Bd3 Rd8 14. Be3 e5
15. O-O Nf3+ 16. gxf3 Rxd3 17. Rfc1 Bxh3 18. Kh2 Be6 19. c5 Bd7 20. Kg3 Rd8 21.
Rc2 Bc6 22. b5 Nh5+ 23. Kg4 f5+ 24. Kxh5 Bxf3+ 25. Kg5 f4 26. Bc1 Rf8 27. Bb2
h6+ 28. Kh4 Rf5 29. Kh3 Rh5# 0-1

[Event "Desafio #02"]
[Site "http://www.queenalice.com/game.php?id=664986"]
[Date "2009.10.9"]
[Round "-"]
[White "dedalu"]
[Black "Aylton"]
[Result "1-0"]
[WhiteElo "2131"]
[BlackElo "2033"]

1. d4 Nf6 2. Nf3 d5 3. c4 e6 4. Nc3 h6 5. e3 a6 6. Qc2 Be7 7. Bd3 O-O 8. O-O
dxc4 9. Bxc4 b5 10. Bd3 Bb7 11. Ne5 c6 12. Ne4 Nxe4 13. Bxe4 Qc8 14. Bd2 f5 15.
Bf3 Rf6 16. h4 Bd6 17. Rac1 Bxe5 18. dxe5 Rf8 19. Bb4 Rd8 20. Bd6 Qd7 21. Rfd1
Qe8 22. Rd4 g5 23. hxg5 hxg5 24. g4 Qf7 25. gxf5 exf5 26. Kf1 g4 27. Bxg4 fxg4
28. Rxg4+ Kh8 29. Ke2 Qh5 30. Rh1 Qxh1 31. Qg6 1-0

[Event "AUTO-MASTER-895"]
[Site "http://www.queenalice.com/game.php?id=692239"]
[Date "2009.12.3"]
[Round "2"]
[White "boydelta"]
[Black "dedalu"]
[Result "1/2-1/2"]
[WhiteElo "2319"]
[BlackElo "2109"]

1. e4 e5 2. Nc3 Nf6 3. Nf3 Bb4 4. Qe2 O-O 5. d3 Nc6 6. Bd2 d5 7. h3 Nd4 8. Qd1
Nxf3+ 9. Qxf3 d4 10. Nb1 Qd6 11. a3 Bxd2+ 12. Nxd2 Be6 13. g4 c5 14. g5 Nd7 15.
Rg1 b5 16. h4 Rac8 17. b3 c4 18. dxc4 bxc4 19. Nxc4 Qc6 20. Bd3 Bxc4 1/2-1/2

[Event "AUTO-MASTER-895"]
[Site "http://www.queenalice.com/game.php?id=692240"]
[Date "2009.12.3"]
[Round "2"]
[White "dedalu"]
[Black "boydelta"]
[Result "1/2-1/2"]
[WhiteElo "2115"]
[BlackElo "2302"]

1. e4 Nc6 2. Nf3 e5 3. Bb5 a6 4. Ba4 Nf6 5. O-O Be7 6. Bxc6 dxc6 7. Nc3 Bg4 8.
d3 O-O 9. Be3 c5 10. b3 Bd6 11. Na4 b6 12. Nb2 Qe7 13. Nc4 Nh5 14. h3 Bd7 15.
Nfxe5 Bxe5 16. Nxe5 Qxe5 17. f4 Qc3 18. Qxh5 Qxc2 19. Qd1 Qxd1 20. Rfxd1 Rfe8
1/2-1/2

[Event "AUTO-MASTER-895"]
[Site "http://www.queenalice.com/game.php?id=692245"]
[Date "2009.12.3"]
[Round "2"]
[White "dedalu"]
[Black "thewhitebishop"]
[Result "0-1"]
[WhiteElo "2121"]
[BlackElo "2136"]

1. e4 d6 2. d4 Nf6 3. Nc3 g6 4. Be3 Bg7 5. f3 c6 6. Qd3 b5 7. O-O-O a5 8. e5 Bf5
9. Qe2 Nd5 10. Nxd5 cxd5 11. Qxb5+ Nd7 12. Bd3 Rb8 13. Qxd5 Be6 14. Qc6 Rb6 15.
Qa4 Rb4 16. Qa3 dxe5 17. Bd2 Rxd4 18. Bxa5 Qb8 19. Ne2 Rd6 20. Nc3 f5 21. Bb5
Kf7 22. Rxd6 Qxd6 23. Bb4 Qd4 24. Rd1 Qf4+ 25. Kb1 Nb6 26. Bxe7 Ra8 0-1

[Event "AUTO-MASTER-895"]
[Site "http://www.queenalice.com/game.php?id=692246"]
[Date "2009.12.3"]
[Round "2"]
[White "thewhitebishop"]
[Black "dedalu"]
[Result "1-0"]
[WhiteElo "2148"]
[BlackElo "2109"]

1. d4 Nc6 2. d5 Ne5 3. e4 e6 4. dxe6 dxe6 5. Qxd8+ Kxd8 6. Bf4 Ng6 7. Bg3 Nf6 8.
f3 Bd6 9. Nc3 Ke7 10. Nb5 Bxg3+ 11. hxg3 Bd7 12. a4 Bxb5 13. axb5 Rhd8 14. Bd3
Ne5 15. Ke2 c6 16. bxc6 Nxc6 17. g4 h6 18. Nh3 Rac8 19. c3 Ne5 20. Nf2 Nxd3 21.
Nxd3 a6 22. Ra4 Rc6 23. Ke3 Rcd6 24. Rd4 Rxd4 25. cxd4 Rc8 26. Kd2 Nd7 27. Rc1
Rxc1 28. Nxc1 a5 29. Kc3 1-0